Ožije mobilní marketing?
Kampane cez mobilné telefóny v roku 2009 na okraji záujmu českých spoločností. Preferovanie SMS a MMS správ v rámci kampaní a spotrebiteľských súťaží. Príklad mobilného marketingu v automobilovej spoločnosti BMW. Individuálne zacielenie kampane. Mobilný internet.
Salvato in:
| Autore principale: | |
|---|---|
| Natura: | Capitolo di libro |
| Lingua: | ceco |
| Soggetti: | |
| Tags: |
Nessun Tag, puoi essere il primo ad aggiungerne!!
|
MARC
| LEADER | 00000naa$a2200000$$$4500 | ||
|---|---|---|---|
| 001 | 0111102 | ||
| 005 | 20231019094219.0 | ||
| 041 | 0 | |a cze | |
| 044 | |a CZ | ||
| 245 | 1 | 0 | |a Ožije mobilní marketing? |c Petr Frey |
| 520 | |a Kampane cez mobilné telefóny v roku 2009 na okraji záujmu českých spoločností. Preferovanie SMS a MMS správ v rámci kampaní a spotrebiteľských súťaží. Príklad mobilného marketingu v automobilovej spoločnosti BMW. Individuálne zacielenie kampane. Mobilný internet. | ||
| 610 | 2 | 0 | |a marketing |
| 610 | 2 | 0 | |a komunikácia marketingová |
| 610 | 2 | 0 | |a marketing priamy |
| 610 | 2 | 0 | |a firmy |
| 610 | 2 | 0 | |a zákazníci |
| 610 | 2 | 0 | |a telefón mobilný |
| 100 | 1 | |a Frey, Petr | |